000 00565 a2200193 4500
020 _a0782123171
040 _aDLC
_bDLC
082 0 0 _a005.3
100 1 _aMartin, Mindy C.
245 1 0 _aMastering Excel 2000
_cMindy C. Martin, Steven M. Hansen, Beth Klingher.
260 _aNew Delhi:
_bBPB Publications,
_c1999.
300 _a1291 p. :
_bill. ;
_c24 cm. +
500 _aIncludes index.
650 0 _aBusiness
_xComputer programs.
650 0 _aElectronic spreadsheets.
700 1 _aHansen, Steven M.
700 1 _aKlingher, Beth.
942 _cBK
_k005.3 MAR
_2ddc
999 _c9608
_d9608